| 000 | 00769nam a2200217Ia 4500 | ||
|---|---|---|---|
| 001 | 18919 | ||
| 003 | GE_BSU | ||
| 008 | 181216s||||||||xx |||||||||||||| ||und|| | ||
| 040 | _cGE_BSU | ||
| 245 | _aМолекулярная генетика микробиология и вирусология №2.том 34, 2016 | ||
| 245 | _cГл. ред.Костров С.В. | ||
| 260 | _aMосква. | ||
| 260 | _bМедицина | ||
| 260 | _c2016 | ||
| 300 | _a80стр.29см. | ||
| 653 | _aМолекулярная генетика микробиология и вирусология №2.том 34, 2016 | ||
| 653 | _aПериодика | ||
| 653 | _aმოლეკულური გენეტიკა | ||
| 653 | _aპერიოდიკა | ||
| 942 | _cCR | ||
| 999 |
_c51919 _d51919 |
||